Alaska Airlines Destinations from LAX (Los Angeles) - Statistics

General Stats
  • This quiz has been taken 34 times
  • The average score is 29 of 40
Answer Stats
Hint Answer % Correct
Alaska Anchorage
96%
Hawaii Honolulu
96%
Nevada Las Vegas
96%
Bahamas Nassau
96%
New Jersey Newark
96%
Oregon Portland
96%
California San Francisco
96%
California San Jose
96%
Costa Rica San Jose
96%
Washington Seattle/Tacoma
96%
District of Columbia Washington - Dulles
93%
District of Columbia Washington - Reagan
93%
Idaho Boise
89%
Mexico Cancun
89%
Guatemala Guatemala City
89%
Belize Belize City
85%
Nevada Reno/Tahoe
85%
Mexico Guadalajara
78%
Florida (Seasonal) Tampa
78%
Mexico Monterrey
74%
Washington Spokane
74%
Florida (Seasonal) Fort Lauderdale
70%
Mexico San Jose del Cabo
70%
Washington Everett
67%
Hawaii Kahului
67%
Hawaii Kailua/Kona
67%
Oregon Redmond/Bend
67%
Oregon Eugene
63%
Hawaii Lihue
63%
Mexico Puerto Vallarta
59%
Costa Rica Liberia
56%
Mexico Ixtapa/Zihuatanejo
52%
Mexico Mazatlan
52%
Oregon Medford
52%
Mexico La Paz
48%
Washington Tri-Cities
48%
California Santa Rosa
44%
Canada (Seasonal) Kelowna
41%
Mexico Loreto
41%
Mexico Manzanillo
33%
No matching quizzes found
Score Distribution
Percent of People with Each Score
Percentile by Number Answered
Your Score History
You have not taken this quiz